[Event "34th Chess Olympiad (men)"]
[Site "Istanbul"]
[Date "2000.11.09"]
[Round "12.55.2"]
[White "Kayle, Charles"]
[Black "Harper, Ryan"]
[WhiteElo "2097"]
[BlackElo "2122"]
[WhiteCountry "PLE"]
[BlackCountry "TRI"]
[Result "1/2-1/2"]

1. d4 Nf6 2. c4 g6 3. Nc3 Bg7 4. e4 d6 5. f4 O-O 6. Nf3 c5 7. d5 b5 8. cxb5 a6 
9. bxa6 Qb6 10. e5 dxe5 11. fxe5 Ng4 12. d6 e6 13. a4 Nxa6 14. Bb5 Nb4 
15. O-O c4+ 16. Kh1 Nf2+ 17. Rxf2 Qxf2 18. Bxc4 Bb7 19. Qe2 Qxe2 20. Bxe2 Bxf3 
21. Bxf3 Rab8 22. Bg5 f6 23. exf6 Bxf6 24. Bxf6 Rxf6 25. Rd1 Kf8 26. Ne4 Rf5 
27. h4 h6 28. d7 Rd5 29. Rxd5 exd5 30. Nc5 Ke7 31. Bg4 h5 32. Bh3 Nc6 
33. Nd3 Kd6 34. b4 d4 35. Kg1 Kd5 36. Kf2 Rd8 37. Ke2 Nb8 38. Nc5 Kc6 
39. Kd3 Kb6 40. Kxd4 Nc6+ 41. Kc4 Rg8 42. a5+ Kc7 43. Be6 Rf8 44. Bd5 Rf4+ 
45. Kc3 Nd8 46. a6 Kb6 47. Nb7 Rf8 48. Nxd8 Rxd8 49. Be6 Kxa6 50. Kc4 Kb6 
51. Kd5 Kc7 52. b5 Rf8 53. Kc5 Rf1 54. b6+ Kd8 55. b7 Rb1 56. Kc6 Rc1+ 
57. Kd6 Rb1 58. Bd5 Rb2 59. Bc6 Rd2+ 60. Kc5 Kc7 
1/2-1/2

[Event "34th Chess Olympiad (men)"]
[Site "Istanbul"]
[Date "2000.11.09"]
[Round "12.55.3"]
[White "Yee, Frank"]
[Black "Asaad, Salah"]
[WhiteElo "2169"]
[BlackElo "2000"]
[WhiteCountry "TRI"]
[BlackCountry "PLE"]
[Result "1/2-1/2"]

1. e4 c5 2. Nf3 Nc6 3. d4 cxd4 4. Nxd4 Nf6 5. Nc3 e5 6. Ndb5 d6 7. Bg5 a6 
8. Na3 b5 9. Nd5 Be7 10. Bxf6 Bxf6 11. c3 O-O 12. Nc2 Bg5 13. Bd3 Bb7 
14. a4 bxa4 15. Rxa4 a5 16. O-O Nb8 17. Nce3 g6 18. Qb3 Bc6 19. Ra2 Nd7 
20. Qc2 Nc5 21. b3 Rb8 
1/2-1/2

[Event "34th Chess Olympiad (men)"]
[Site "Istanbul"]
[Date "2000.11.09"]
[Round "12.55.4"]
[White "Lekke, Khaled"]
[Black "Duncan, Leonard"]
[WhiteElo "2000"]
[BlackElo "2000"]
[WhiteCountry "PLE"]
[BlackCountry "TRI"]
[Result "0-1"]

1. d4 g6 2. e4 Bg7 3. Bc4 d6 4. Ne2 Nf6 5. Ng3 O-O 6. O-O Nxe4 7. Bxf7+ Rxf7 
8. Nxe4 d5 9. Ng5 Rf5 10. c3 e5 11. Nf3 e4 12. Ne1 b6 13. Be3 Ba6 14. Nd2 Bxf1 
15. Nxf1 Nd7 16. Ng3 Rf7 17. f3 Qe7 18. fxe4 dxe4 19. Nc2 a5 20. Na3 Nf6 
21. Nc4 Nd5 22. Qd2 Raf8 23. Bg5 Qe6 24. Re1 Qg4 25. Nxe4 Qxe4 26. h3 Qf5 
0-1

[Event "34th Chess Olympiad (men)"]
[Site "Istanbul"]
[Date "2000.11.09"]
[Round "12.56.1"]
[White "Ndlovu, Ignatious"]
[Black "Yung, Lau"]
[WhiteElo "2000"]
[BlackElo "2130"]
[WhiteCountry "BOT"]
[BlackCountry "HKG"]
[Result "1/2-1/2"]

1. e4 d6 2. d4 Nf6 3. Nc3 g6 4. Be2 Bg7 5. Be3 c6 6. g4 Qa5 7. f3 h5 8. g5 Nh7 
9. Qd2 O-O 10. f4 b5 11. Nf3 Rd8 12. Nh4 b4 13. Nd1 e5 14. f5 exd4 
15. fxg6 fxg6 16. Bf4 Nf8 17. Nf2 Ba6 18. Nd3 c5 19. O-O Nc6 20. b3 Ne5 
21. Bxe5 dxe5 22. a3 Qb6 23. axb4 cxb4 24. Rxa6 Qxa6 25. Nc5 Qb6 26. Bc4+ Kh7 
27. Nd3 Ne6 28. Nxb4 d3+ 29. Kh1 dxc2 30. Nd5 Qd4 31. Qxc2 Nxg5 32. Rg1 Qxe4+ 
33. Qxe4 Nxe4 34. Rxg6 Nd2 35. Rg5 Nxc4 36. bxc4 Rxd5 37. Rxh5+ Kg8 38. cxd5 a5 
39. Nf5 Bf6 40. Rh3 Kf7 41. Nd6+ Ke7 42. Nc4 a4 43. Ra3 Ra6 44. Kg2 Kd8 
45. Kf3 Be7 46. Ra2 Rf6+ 47. Ke2 a3 48. Nxe5 Rb6 49. Nc4 Rb3 50. d6 Bf8 
51. Ra1 Bg7 52. Rxa3 Rxa3 53. Nxa3 Be5 54. h4 Bxd6 55. Nc4 Bf4 56. Kf3 Bc1 
57. Kg4 Ke7 58. Ne5 Kf8 59. Nd3 Bd2 60. Nf2 Kg7 61. Ne4 Bc1 62. Kh5 Be3 
63. Ng3 Bc1 64. Nf5+ Kh7 65. Kg4 Bd2 66. h5 Bc1 67. Kf3 Bd2 68. Ke4 Bc1 
69. Ke5 Bb2+ 70. Ke6 Bc1 71. Kf6 Bb2+ 72. Kf7 Bc1 73. h6 Bxh6 
1/2-1/2

[Event "34th Chess Olympiad (men)"]
[Site "Istanbul"]
[Date "2000.11.09"]
[Round "12.56.2"]
[White "Schepel, Kaarlo"]
[Black "Molale, Ojentse"]
[WhiteElo "2175"]
[BlackElo "2104"]
[WhiteCountry "HKG"]
[BlackCountry "BOT"]
[Result "1-0"]

1. e4 e6 2. f4 d5 3. e5 c5 4. c3 Nc6 5. Bd3 g5 6. Qh5 gxf4 7. Nf3 Nge7 
8. O-O Ng6 9. Bxg6 fxg6 10. Qg4 Qe7 11. d4 Bd7 12. Bxf4 Qg7 13. Bg5 Be7 
14. Bf6 Bxf6 15. exf6 Qxf6 16. Ng5 Qg7 17. Nxe6 Qh6 18. Nc7+ Kd8 19. Qg3 Rc8 
20. Nxd5 cxd4 21. Na3 Re8 22. Nb5 Re5 23. Nd6 Be6 24. Nxb7+ Kd7 25. Nc5+ Kd6 
26. Ne4+ Kd7 27. Nef6+ Kd8 28. cxd4 Bxd5 29. dxe5 Nd4 30. Rae1 Bc4 31. Rd1 Bxf1 
32. Rxd4+ Ke7 33. Rd7+ Ke6 34. Qg4+ Kxe5 35. Qd4+ Kf5 36. Rd5+ Ke6 37. Qe5+ 
1-0

[Event "34th Chess Olympiad (men)"]
[Site "Istanbul"]
[Date "2000.11.09"]
[Round "12.56.3"]
[White "Samuel, Boipuso"]
[Black "Kiernan, Mark"]
[WhiteElo "2117"]
[BlackElo "2125"]
[WhiteCountry "BOT"]
[BlackCountry "HKG"]
[Result "1-0"]

1. e4 c6 2. d4 d5 3. Nc3 dxe4 4. Nxe4 Nd7 5. Nf3 Ngf6 6. Ng3 e6 7. Bd3 c5 
8. O-O cxd4 9. Nxd4 Bc5 10. Nb3 Be7 11. Re1 b6 12. Qf3 Rb8 13. Bf4 Bb7 
14. Qe2 Rc8 15. Rad1 O-O 16. Bc4 Qe8 17. Nd4 e5 18. Ndf5 Bb4 19. Bd2 Be7 
20. b4 a6 21. Nxe7+ Qxe7 22. Nf5 Qd8 23. Bg5 b5 24. Bb3 Rc7 25. Rd6 Qe8 
26. Bxf6 Nxf6 27. Rxf6 Qa8 28. Qg4 g6 29. Rxg6+ 
1-0

[Event "34th Chess Olympiad (men)"]
[Site "Istanbul"]
[Date "2000.11.09"]
[Round "12.56.4"]
[White "Chong, Chor"]
[Black "Salani, Polite"]
[WhiteElo "2000"]
[BlackElo "2000"]
[WhiteCountry "HKG"]
[BlackCountry "BOT"]
[Result "0-1"]

1. d4 Nf6 2. c4 g6 3. Nc3 d5 4. cxd5 Nxd5 5. e4 Nxc3 6. bxc3 Bg7 7. Bc4 c5 
8. Ne2 Nc6 9. Be3 O-O 10. O-O cxd4 11. cxd4 Na5 12. Bd3 e6 13. Rc1 Bd7 
14. Qd2 Nc6 15. Rc2 Rc8 16. Rb1 Rc7 17. Rbc1 Rc8 18. Bb5 a6 19. Ba4 b5 
20. Bb3 Qa5 21. d5 exd5 22. Bxd5 Qxd2 23. Bxd2 Nd4 24. Nxd4 Bxd4 25. Bb7 Rxc2 
26. Rxc2 Re8 27. Bh6 Bb6 28. Bd5 a5 29. Kf1 b4 30. Ke2 Rc8 31. Rd2 Bb5+ 
32. Kf3 a4 33. Rb2 Rc3+ 34. Kg4 Bd7+ 35. Kh4 b3 36. axb3 a3 37. Ra2 Bc5 
38. f3 Bb5 39. Bd2 Rd3 40. Kg3 Kg7 41. Bf4 Bb4 42. Rc2 Be1+ 43. Rf2 Bxf2+ 
44. Kxf2 a2 45. Be5+ f6 
0-1

[Event "34th Chess Olympiad (men)"]
[Site "Istanbul"]
[Date "2000.11.09"]
[Round "12.57.1"]
[White "Silveirinha, Jose Antonio C"]
[Black "Cedeno, Ahmed"]
[WhiteElo "2177"]
[BlackElo "2095"]
[WhiteCountry "MAC"]
[BlackCountry "PAN"]
[Result "0-1"]

1. d4 Nf6 2. Nf3 d5 3. c4 e6 4. Nc3 c5 5. e3 Be7 6. Be2 O-O 7. O-O a6 8. b3 Nc6 
9. Bb2 cxd4 10. exd4 Bd6 11. Re1 Bd7 12. Rc1 Bf4 13. Rb1 Rc8 14. Ba3 Re8 
15. g3 Bh6 16. Bd6 Ne7 17. c5 Nf5 18. Be5 Ng4 19. Bd3 Nxe5 20. Nxe5 Ne7 
21. Qh5 Rf8 22. Nxf7 Rxf7 23. Bxh7+ Kf8 24. Re2 Rf6 25. Bc2 Be8 26. Qh3 Bf7 
27. Rbe1 Nc6 28. Rd1 Rc7 29. f4 Ne7 30. Rf2 Bg6 31. g4 Bxc2 32. g5 Bf5 
33. Qg3 Ng8 34. h4 g6 35. gxf6 Nxf6 36. Ne2 Ne4 37. Qh2 Nxf2 38. Kxf2 Qf6 
39. Qg3 Rf7 40. Rf1 Be4 41. Ke1 Rh7 42. Rf2 Bg7 43. f5 exf5 44. Qb8+ Kf7 
45. Qxb7+ Qe7 46. Qxa6 Bxd4 47. Nxd4 Bd3+ 48. Qe6+ Qxe6+ 49. Nxe6 Kxe6 
50. Kd2 Be4 51. Rh2 d4 52. Kc1 Kd5 53. b4 Kc4 54. a3 Kb3 55. Rh3+ d3 
56. Kd2 Kxa3 57. Kc3 Rb7 58. c6 Rc7 59. b5 Ka4 60. Rg3 Kxb5 61. Rxg6 Rxc6+ 
62. Rxc6 Kxc6 63. Kd4 d2 
0-1

[Event "34th Chess Olympiad (men)"]
[Site "Istanbul"]
[Date "2000.11.09"]
[Round "12.57.2"]
[White "Gardellini, Arnulfo"]
[Black "Calangi, Zachary Alexander"]
[WhiteElo "2000"]
[BlackElo "2183"]
[WhiteCountry "PAN"]
[BlackCountry "MAC"]
[Result "1-0"]

1. d4 Nf6 2. c4 e6 3. Nc3 d5 4. Nf3 Be7 5. g3 O-O 6. Bg2 c5 7. cxd5 Nxd5 
8. Nxd5 exd5 9. O-O b6 10. Be3 Bb7 11. dxc5 bxc5 12. Rc1 d4 13. Bf4 Nd7 
14. e3 Ba6 15. Re1 d3 16. Qa4 Bb7 17. Red1 Nb6 18. Qb5 Be4 19. Ne5 a6 
20. Qb3 Bxg2 21. Kxg2 c4 22. Nxc4 Qd5+ 23. Kg1 Nxc4 24. Qxc4 Rfd8 25. e4 Qb5 
26. Qxb5 axb5 27. a3 b4 28. axb4 Bxb4 29. Rc4 Be7 30. Rc3 g5 31. Bc7 Rd4 
32. Rcxd3 Rxe4 33. Bd8 Ra2 34. Re3 Rxe3 35. fxe3 Kf8 36. Bxe7+ Kxe7 37. Rd2 Ke6 
38. Kf2 g4 39. e4 Ra4 40. Ke3 Rb4 41. Kd3 Ke5 42. Re2 h5 43. Rc2 Rd4+ 
44. Kc3 Rxe4 45. b4 Kd5 46. Kb3 Re3+ 47. Rc3 Rf3 48. Kb2 f5 49. b5 Rxc3 
50. Kxc3 h4 51. Kd3 hxg3 52. hxg3 Kc5 53. Ke3 Kxb5 54. Kf4 Kc6 55. Kxf5 Kd6 
56. Kxg4 Ke6 57. Kg5 Kf7 58. Kh6 Kf6 59. g4 Kf7 60. g5 Kg8 61. Kg6 
1-0

[Event "34th Chess Olympiad (men)"]
[Site "Istanbul"]
[Date "2000.11.09"]
[Round "12.57.3"]
[White "Fesalbon, Rolando"]
[Black "Miranda, Adrian"]
[WhiteElo "2000"]
[BlackElo "2000"]
[WhiteCountry "MAC"]
[BlackCountry "PAN"]
[Result "1-0"]

1. Nf3 c5 2. c4 Nf6 3. Nc3 e6 4. d4 d5 5. Bg5 Be7 6. e3 Nc6 7. Be2 a6 
8. O-O O-O 9. a3 h6 10. Bh4 dxc4 11. Bxc4 cxd4 12. exd4 b5 13. Ba2 Qb6 
14. Rc1 Rd8 15. Ne2 Bb7 16. Qd2 Rd7 17. Rfd1 Rad8 18. h3 b4 19. Qe3 Nd5 
20. Bxd5 Bxh4 21. Bxc6 Bxf2+ 22. Kxf2 Bxc6 23. Ne5 Rc7 24. axb4 Ba4 
25. Rxc7 Qxc7 26. Rc1 Qb7 27. b3 Be8 28. Nd3 Qd5 29. Nc5 Bc6 30. Nf4 Qf5 
31. Qe5 Qxe5 32. dxe5 Rd2+ 33. Ke3 Rb2 34. g3 Bb5 35. Rd1 Kf8 36. Rd2 Rb1 
37. h4 Ke7 38. Ne2 Re1 39. Kf2 Rh1 40. Ne4 Bc6 41. N4c3 Rh2+ 42. Ke3 f6 43. Nd4 
1-0

[Event "34th Chess Olympiad (men)"]
[Site "Istanbul"]
[Date "2000.11.09"]
[Round "12.57.4"]
[White "Carrillo, Jose"]
[Black "Chang, Hon Kun"]
[WhiteElo "2000"]
[BlackElo "2200"]
[WhiteCountry "PAN"]
[BlackCountry "MAC"]
[Result "1/2-1/2"]

1. e4 e5 2. Nf3 Nc6 3. d4 exd4 4. Nxd4 Nxd4 5. Qxd4 d6 6. Bc4 Be6 7. Bxe6 fxe6 
8. Nc3 a6 9. O-O Qd7 10. Be3 Ne7 11. a3 e5 12. Qd3 g6 13. Rad1 Bg7 14. f4 O-O 
15. Nd5 Kh8 16. Nxe7 Qxe7 17. f5 gxf5 18. Rxf5 Rxf5 19. exf5 Qf7 20. Qe4 Qh5 
21. Rf1 Qe2 22. Rf2 Qe1+ 23. Rf1 Qe2 24. Rf2 
1/2-1/2

[Event "34th Chess Olympiad (men)"]
[Site "Istanbul"]
[Date "2000.11.09"]
[Round "12.58.1"]
[White "Corbin, Philip"]
[Black "Berardi, Giancarlo"]
[WhiteElo "2228"]
[BlackElo "2000"]
[WhiteCountry "BAR"]
[BlackCountry "SMR"]
[Result "1/2-1/2"]

1. e4 d5 2. exd5 Qxd5 3. Nc3 Qa5 4. d4 Nf6 5. Nf3 c6 6. Bd2 Bf5 7. Be2 e6 
8. O-O Be7 9. Nh4 Bg6 10. a3 O-O 11. b4 Qc7 12. Nxg6 hxg6 13. f4 Nbd7 
14. Bd3 Bd6 15. Qf3 Rad8 16. Rae1 Rfe8 17. g4 Nf8 18. g5 N6h7 19. h4 Be7 
20. Ne2 b6 21. Kg2 Rd6 22. Rh1 Red8 23. Bc3 b5 24. Rh2 f5 25. Reh1 Nd7 
26. h5 Nhf8 27. d5 cxd5 28. hxg6 Nxg6 29. Rh7 d4 30. Qh5 Qc6+ 31. Kg1 Ndf8 
32. Bb2 
1/2-1/2

[Event "34th Chess Olympiad (men)"]
[Site "Istanbul"]
[Date "2000.11.09"]
[Round "12.58.2"]
[White "Righi, Ezio"]
[Black "Austin, Dirk"]
[WhiteElo "2118"]
[BlackElo "2000"]
[WhiteCountry "SMR"]
[BlackCountry "BAR"]
[Result "1/2-1/2"]

1. e4 c5 2. Nc3 Nc6 3. g3 g6 4. Bg2 Bg7 5. d3 d6 6. Nh3 Nf6 7. O-O Rb8 
8. f4 Bg4 9. Qd2 Nd4 10. Kh1 Qd7 11. Ng1 h5 12. h3 h4 13. hxg4 hxg3+ 
14. Bh3 Nxg4 15. Kg2 Kd8 16. Kxg3 Bf6 17. Nd5 Bh4+ 18. Kg2 f5 19. c3 e6 
20. cxd4 exd5 21. b3 cxd4 22. Qa5+ b6 23. Qxd5 Rc8 24. Bxg4 fxg4 25. Bd2 Rc2 
26. Rad1 Qh7 27. Qxd6+ Ke8 28. Qe6+ Be7 29. Rf2 Qh2+ 30. Kf1 Qg3 31. Ke2 Rh1 
32. Qg8+ Kd7 33. Qd5+ Ke8 34. Qg8+ Kd7 35. Qd5+ 
1/2-1/2

[Event "34th Chess Olympiad (men)"]
[Site "Istanbul"]
[Date "2000.11.09"]
[Round "12.58.3"]
[White "Elson, Askari"]
[Black "Volpinari, Danilo"]
[WhiteElo "2000"]
[BlackElo "2084"]
[WhiteCountry "BAR"]
[BlackCountry "SMR"]
[Result "1/2-1/2"]

1. d4 d5 2. c4 c6 3. Nc3 e6 4. Nf3 dxc4 5. a4 Bb4 6. Qc2 c5 7. e3 Nc6 
8. dxc5 Qa5 9. Bxc4 Qxc5 10. Bd3 Nf6 11. O-O O-O 12. Bd2 Rd8 13. Rfd1 Bd7 
14. Rac1 Rac8 15. Ne4 Nxe4 16. Bxe4 Qxc2 17. Rxc2 Be8 18. Rcc1 Be7 19. Bc3 b6 
1/2-1/2

[Event "34th Chess Olympiad (men)"]
[Site "Istanbul"]
[Date "2000.11.09"]
[Round "12.58.4"]
[White "Renzi, Nicola"]
[Black "Forde, Michael"]
[WhiteElo "2000"]
[BlackElo "2000"]
[WhiteCountry "SMR"]
[BlackCountry "BAR"]
[Result "1-0"]

1. d4 Nf6 2. Nf3 g6 3. Bf4 Bg7 4. h3 O-O 5. e3 d6 6. Be2 Nfd7 7. c3 e5 
8. Bh2 Nc6 9. O-O e4 10. Nfd2 f5 11. c4 Nf6 12. Nc3 g5 13. Rb1 Ne7 14. c5 d5 
15. Nb5 Ne8 16. Bh5 Ng6 17. b4 a6 18. Nc3 c6 19. a4 Nf6 20. Bxg6 hxg6 
21. b5 axb5 22. axb5 Nh5 23. bxc6 bxc6 24. Rb6 Qe8 25. Qb3 Kh7 26. Rb8 Rxb8 
27. Qxb8 f4 28. Na4 Qf7 29. Qd6 Ba6 30. Rd1 fxe3 31. fxe3 Qf2+ 32. Kh1 Qxe3 
33. Qxc6 Be2 34. Rg1 Bxd4 35. Qd6 Kg7 36. c6 Ba6 37. c7 Bc8 38. Rf1 Nf4 
39. Qe7+ Rf7 40. Qxg5 Qxd2 41. Bxf4 e3 42. Be5+ Bxe5 43. Qxe5+ Kf8 44. Qh8+ Ke7 
45. Qd8+ Ke6 46. Qxc8+ Rd7 47. Nc5+ Ke5 48. Qe8+ 
1-0

[Event "34th Chess Olympiad (men)"]
[Site "Istanbul"]
[Date "2000.11.09"]
[Round "12.59.1"]
[White "Rowe, Peter"]
[Black "Luga, Allan"]
[WhiteElo "2092"]
[BlackElo "2000"]
[WhiteCountry "GCI"]
[BlackCountry "PNG"]
[Result "1-0"]

1. d4 d5 2. Nf3 Nf6 3. Bg5 e6 4. e3 Be7 5. Bd3 Nbd7 6. Nbd2 O-O 7. O-O c5 
8. c3 c4 9. Bb1 Qc7 10. Qc2 g6 11. e4 dxe4 12. Nxe4 b6 13. Qe2 Bb7 14. Re1 Nd5 
15. Bxe7 Nxe7 16. Ne5 Nxe5 17. Nf6+ Kg7 18. dxe5 Rad8 19. Qg4 Rd2 20. Nh5+ Kh8 
21. Qf4 Rxf2 22. Kxf2 Qc5+ 23. Kf1 gxh5 24. Qf6+ Kg8 25. Bc2 Ng6 26. Rad1 Bd5 
27. Rd4 Qb5 28. Rb1 Bc6 29. Be4 Qxe5 30. Qxe5 Nxe5 31. Bxc6 Nxc6 32. Rxc4 Ne5 
33. Rd4 f5 34. Re1 Ng6 35. Rxe6 f4 36. Rd3 h4 37. Kf2 Rf7 38. b3 Kg7 39. c4 Rf5 
40. Rd5 Rf7 41. Rd3 Kh6 42. a3 Rf5 43. Rd5 Rf7 44. h3 Kg7 45. Kf3 Rc7 
46. Rd4 Rf7 47. Ke4 Nf8 48. Re8 Nd7 49. Kf3 Nf6 50. Red8 Nh5 51. R8d7 Rxd7 
52. Rxd7+ Kg6 53. Rxa7 
1-0

[Event "34th Chess Olympiad (men)"]
[Site "Istanbul"]
[Date "2000.11.09"]
[Round "12.59.2"]
[White "Press, Shaun"]
[Black "Cutter, Paul"]
[WhiteElo "2000"]
[BlackElo "2122"]
[WhiteCountry "PNG"]
[BlackCountry "GCI"]
[Result "1/2-1/2"]

1. e4 e5 2. Nf3 d6 3. d4 Nf6 4. dxe5 Nxe4 5. Qd5 Nc5 6. Bg5 Qd7 7. exd6 Bxd6 
8. Nc3 O-O 9. O-O-O Nc6 10. Nb5 a6 11. Nxd6 cxd6 12. Be3 Rd8 13. Bc4 b5 
14. Bxc5 bxc4 15. Qxd6 Qxd6 16. Rxd6 Rxd6 17. Bxd6 Be6 18. Ng5 Bf5 19. c3 Re8 
20. Nf3 Re2 21. Re1 Rc2+ 22. Kd1 h6 23. Nh4 Rxf2 24. Bg3 Bg4+ 25. Kc1 Re2 
26. Rxe2 
1/2-1/2

[Event "34th Chess Olympiad (men)"]
[Site "Istanbul"]
[Date "2000.11.09"]
[Round "12.59.3"]
[White "Manzanilla, Ernesto"]
[Black "Albis, Jeppers"]
[WhiteElo "2155"]
[BlackElo "2000"]
[WhiteCountry "GCI"]
[BlackCountry "PNG"]
[Result "1/2-1/2"]

1. e4 c5 2. Nf3 Nc6 3. d4 cxd4 4. c3 g6 5. cxd4 Bg7 6. Be2 d6 7. Nc3 Nf6 
8. O-O O-O 9. h3 a6 10. Be3 b5 11. a3 Bb7 12. Rc1 Rc8 13. Re1 Na5 14. d5 Nd7 
15. Bd4 Bxd4 16. Nxd4 Qb6 17. Nf3 Rc7 18. Bf1 Nc4 19. Bxc4 Rxc4 20. Qd2 Kg7 
21. b3 Rc7 22. Ne2 Rfc8 23. Rxc7 Rxc7 24. Rc1 Rxc1 25. Qxc1 Qc5 26. b4 Qxc1+ 
27. Nxc1 
1/2-1/2

[Event "34th Chess Olympiad (men)"]
[Site "Istanbul"]
[Date "2000.11.09"]
[Round "12.59.4"]
[White "Marko, Helmut"]
[Black "Wilson, Peter"]
[WhiteElo "2205"]
[BlackElo "2000"]
[WhiteCountry "PNG"]
[BlackCountry "GCI"]
[Result "1/2-1/2"]

1. e4 e6 2. d4 b6 3. Nf3 Bb7 4. Bd3 Nf6 5. Nbd2 d6 6. O-O Be7 7. Re1 O-O 
8. Nf1 c5 9. c3 Nbd7 10. Ng3 Re8 11. b3 Nf8 12. Bb2 Ng6 13. Qd2 Qc7 14. c4 Rad8 
15. Rad1 e5 16. d5 Bc8 17. h3 Bd7 18. Nf5 Nf4 19. Bf1 g6 20. Nh6+ Kg7 
21. Ng4 Nxg4 22. Qxf4 f6 23. Qg3 Nh6 24. Nh2 Rg8 
1/2-1/2

[Event "34th Chess Olympiad (men)"]
[Site "Istanbul"]
[Date "2000.11.09"]
[Round "12.60.1"]
[White "Hawes, Jonathan"]
[Black "Murasira, Albert"]
[WhiteElo "2113"]
[BlackElo "2000"]
[WhiteCountry "JCI"]
[BlackCountry "RWA"]
[Result "1-0"]

1. d4 Nf6 2. c4 g6 3. Nc3 d5 4. cxd5 Nxd5 5. e4 Nxc3 6. bxc3 Bg7 7. Bc4 c5 
8. Ne2 cxd4 9. cxd4 O-O 10. Be3 Nc6 11. Qd2 Bg4 12. f3 Bd7 13. O-O a6 
14. Rfc1 Rc8 15. Rab1 b5 16. Bd3 e6 17. f4 Ne7 18. Rxc8 Bxc8 19. Bc2 f5 
20. Nc3 Nc6 21. Rd1 Qc7 22. e5 Rd8 23. d5 Nxe5 24. fxe5 Bxe5 25. Bd4 Bxh2+ 
26. Kh1 Bf4 27. Qf2 e5 28. Bb3 Kh8 29. Qxf4 Re8 30. Re1 Qd6 31. Rxe5 
1-0

[Event "34th Chess Olympiad (men)"]
[Site "Istanbul"]
[Date "2000.11.09"]
[Round "12.60.2"]
[White "Minani, Froduald"]
[Black "Khan, Mohammed"]
[WhiteElo "2000"]
[BlackElo "2197"]
[WhiteCountry "RWA"]
[BlackCountry "JCI"]
[Result "0-1"]

1. e4 e5 2. Nf3 Nf6 3. Nc3 Bb4 4. Bd3 Nc6 5. a3 Be7 6. b3 d6 7. h3 O-O 
8. O-O h6 9. Be2 Nd4 10. d3 Be6 11. Be3 c5 12. Re1 a6 13. Nb1 b5 14. c4 bxc4 
15. bxc4 Qd7 16. Nc3 Rfb8 17. Bxd4 cxd4 18. Nd5 Bxd5 19. exd5 Bd8 20. Qc2 Ba5 
21. Reb1 Bc3 22. Rxb8+ Rxb8 23. Rb1 Rxb1+ 24. Qxb1 Qc7 25. Nh4 g6 26. Nf3 Kg7 
27. a4 Nd7 28. Nh4 Nc5 29. Bd1 Qb7 30. Qxb7 Nxb7 31. g4 Nc5 32. Bc2 Bd2 
33. Kg2 Bg5 34. Nf3 Bf4 35. h4 f5 36. g5 h5 37. Kf1 Kf7 38. Ke2 Ke7 39. a5 Nb7 
40. Nd2 Bxd2 41. Kxd2 Nxa5 42. f4 Nb7 43. fxe5 dxe5 44. Ke2 Nc5 45. Kf3 a5 
46. Ke2 Kd6 47. Kd2 e4 48. dxe4 fxe4 49. Bd1 a4 50. Bc2 a3 51. Bb1 Na4 
52. Kc2 Nc3 53. c5+ Ke5 
0-1

[Event "34th Chess Olympiad (men)"]
[Site "Istanbul"]
[Date "2000.11.09"]
[Round "12.60.3"]
[White "Boxal, Graham"]
[Black "Mutabazi, Fidele"]
[WhiteElo "2000"]
[BlackElo "2000"]
[WhiteCountry "JCI"]
[BlackCountry "RWA"]
[Result "0-1"]

1. d4 Nf6 2. Bg5 d5 3. Bxf6 exf6 4. e3 Bf5 5. Bd3 Be6 6. Nf3 Be7 7. Nc3 Nc6 
8. a3 a6 9. O-O O-O 10. Nh4 g6 11. f4 f5 12. Nf3 Bf6 13. Qe1 Ne7 14. Ne5 Nc8 
15. h3 h5 16. Na4 Nd6 17. Nc5 Bc8 18. Rb1 Qe8 19. Qc1 b6 20. Nb3 Be6 
21. Re1 Kg7 22. Nd2 Be7 23. Nf1 Bf6 24. b3 b5 25. Re2 Rh8 26. Nf3 c6 
27. Qe1 Kf8 28. N1h2 Qd8 29. Nf1 a5 30. Ne5 Qc7 31. Qc3 Rc8 32. Qe1 c5 
33. dxc5 Qxc5 34. Qxa5 Ne4 35. c4 bxc4 36. bxc4 Qxa5 
0-1

[Event "34th Chess Olympiad (men)"]
[Site "Istanbul"]
[Date "2000.11.09"]
[Round "12.60.4"]
[White "Uwihoreye, Charles"]
[Black "Hill, Christopher"]
[WhiteElo "2000"]
[BlackElo "2000"]
[WhiteCountry "RWA"]
[BlackCountry "JCI"]
[Result "1-0"]

1. e4 e5 2. a3 Nf6 3. Nc3 Nc6 4. Bc4 Bc5 5. d3 h6 6. h3 d6 7. Be3 Bxe3 
8. fxe3 a6 9. Qf3 O-O 10. g4 Be6 11. Nd5 Bxd5 12. exd5 Ne7 13. O-O-O c5 
14. dxc6 Nxc6 15. Ne2 Rc8 16. Rdg1 Qc7 17. g5 e4 18. Qf2 hxg5 19. Rxg5 Qe7 
20. Rhg1 g6 21. Nf4 Kg7 22. Nh5+ Nxh5 23. Rxh5 Rh8 24. Rf5 Rcf8 25. Qg2 Rh6 
26. d4 f6 27. h4 Kh7 28. Rff1 b5 29. Bd5 Nd8 30. Bxe4 Rg8 31. Qf2 Kg7 
32. Bd5 Ne6 33. Rg2 Kh8 34. Bxe6 Qxe6 35. Qxf6+ Qxf6 36. Rxf6 Rxh4 
37. Rfxg6 Rd8 38. Kd2 Rd7 39. Kd3 d5 40. Rxa6 Rh3 41. Re6 Rf7 42. Rgg6 Kh7 
43. Rgf6 Rg7 44. Rf5 Rh2 45. Rxd5 Rc7 46. Rc5 Rg7 47. Ree5 Kh6 48. Rxb5 Rgg2 
49. Rb6+ Kg7 50. c4 Rd2+ 51. Ke4 Rdf2 52. Re7+ Kf8 53. Ra7 Rh4+ 54. Kd3 
1-0

[Event "34th Chess Olympiad (men)"]
[Site "Istanbul"]
[Date "2000.11.09"]
[Round "12.61.1"]
[White "Tun, Yap"]
[Black "Allen, Daryl"]
[WhiteElo "2000"]
[BlackElo "2000"]
[WhiteCountry "BRU"]
[BlackCountry "ISV"]
[Result "1/2-1/2"]

1. d4 Nf6 2. e3 e6 3. Bd3 d5 4. Nd2 Bd6 5. f4 Nc6 6. c3 Bd7 7. Ngf3 Ng4 
8. Qe2 f5 9. O-O O-O 10. Ne5 Ncxe5 11. fxe5 Be7 12. h3 Nh6 13. Nf3 Be8 
14. Nh2 Bg5 15. Bd2 Bh4 16. Be1 Bxe1 17. Raxe1 Nf7 18. Rf4 Ng5 19. Qf2 Bg6 
20. Rf1 Ne4 21. Bxe4 fxe4 22. Qc2 Qd7 23. Qb3 b6 24. Qb4 Rxf4 25. Rxf4 Rc8 
26. Ng4 Bf5 27. Nh2 Bg6 28. g4 c5 29. Qa3 h6 30. h4 h5 31. g5 cxd4 32. cxd4 Bf5 
33. Nf1 Rc1 34. Qb4 Qc7 35. Rf2 g6 36. Kg2 Rc2 37. Rxc2 Qxc2+ 38. Qd2 Qxd2+ 
39. Nxd2 Kf7 40. Kf2 Ke7 41. Nb1 Kd7 42. Nc3 a6 43. b4 Bg4 44. Ke1 Kc6 
45. Kd2 Bf3 46. Kc2 Kd7 47. Kb3 Kc6 48. a4 b5 49. Ka3 Bg4 50. a5 Kc7 
51. Kb2 Bh3 52. Kc2 Bf1 53. Kd2 Bc4 54. Ke1 Kd7 55. Kf2 Ke7 56. Kg3 Kf7 
57. Kf4 Ke7 58. Nd1 Kf7 59. Nf2 Ke7 60. Kg3 Kf7 61. Kg2 Be2 62. Nh3 Bc4 
63. Nf4 Bb3 64. Kf1 Ba2 65. Ke1 Bb3 66. Kd2 Bc4 67. Kc2 Bf1 68. Kd1 Bc4 
69. Ng2 Ke7 70. Kc2 Kf7 71. Ne1 Ke7 72. Kc3 Kd7 73. Kb2 Ke7 74. Nc2 Kd7 
75. Na1 Kc6 76. Kc3 Kd7 77. Nb3 Bxb3 
1/2-1/2

[Event "34th Chess Olympiad (men)"]
[Site "Istanbul"]
[Date "2000.11.09"]
[Round "12.61.2"]
[White "Carty, Leo"]
[Black "Yusof, Abdul"]
[WhiteElo "2000"]
[BlackElo "2000"]
[WhiteCountry "ISV"]
[BlackCountry "BRU"]
[Result "0-1"]

1. d4 Nf6 2. Nf3 g6 3. Bg5 Ne4 4. Bf4 d6 5. h3 Bg7 6. Nbd2 Nf6 7. e3 O-O 
8. Be2 Be6 9. O-O Nbd7 10. Bd3 Nd5 11. Bg3 Nb4 12. Bc4 d5 13. Bb3 c5 14. a3 Nc6 
15. c3 c4 16. Bc2 b5 17. Ng5 Nf6 18. Nxe6 fxe6 19. Nf3 a5 20. Re1 Qc8 
21. Qe2 b4 22. e4 Bh6 23. exd5 exd5 24. Qe6+ Kh8 25. Ba4 Ra6 26. Qxc8 Rxc8 
27. Bxc6 Raxc6 28. Rxe7 bxc3 29. Ne5 cxb2 30. Rb1 c3 31. Nf7+ Kg7 
32. Nxh6+ Kxh6 33. Bf4+ g5 34. Be3 Kg6 35. Rb7 a4 36. Kf1 Ne4 37. Ke1 Nd6 
38. Rb4 Ra6 39. Ke2 Nc4 40. Kd3 Nxa3 
0-1

[Event "34th Chess Olympiad (men)"]
[Site "Istanbul"]
[Date "2000.11.09"]
[Round "12.61.4"]
[White "Friedman, Brian"]
[Black "Dollah, Zaidi"]
[WhiteElo "2000"]
[BlackElo "2000"]
[WhiteCountry "ISV"]
[BlackCountry "BRU"]
[Result "0-1"]

1. d4 b6 2. e4 Bb7 3. Bd3 e6 4. Nc3 Bb4 5. Bd2 Nf6 6. Nf3 Bxc3 7. Bxc3 Nxe4 
8. Bxe4 Bxe4 9. O-O Qf6 10. d5 Qg6 11. Nh4 Qg5 12. g3 Bxd5 13. Re1 Nc6 
14. Nf3 Qh5 15. Bxg7 Bxf3 16. Qxf3 Qxf3 17. Bxh8 f6 18. Bg7 Ne5 19. Re3 Qf5 
20. Kg2 O-O-O 21. Rae1 d6 22. Bh6 Qh5 23. h3 Qxh6 24. f4 Nc4 25. Rxe6 Nxb2 
26. Re8 Rxe8 27. Rxe8+ Kd7 28. Rg8 f5 29. g4 Qe6 30. Rg7+ Kc6 31. Kg3 fxg4 
32. hxg4 h6 33. Rh7 Qe3+ 34. Kh4 Qxf4 
0-1

[Event "34th Chess Olympiad (men)"]
[Site "Istanbul"]
[Date "2000.11.09"]
[Round "12.62.2"]
[White "Renaud, Kenny"]
[Black "Rideout, Dan"]
[WhiteElo "2000"]
[BlackElo "2000"]
[WhiteCountry "SEY"]
[BlackCountry "BER"]
[Result "1/2-1/2"]

1. e4 e5 2. Nf3 Nc6 3. Bc4 Bc5 4. c3 Nf6 5. Qc2 O-O 6. O-O d5 7. exd5 Nxd5 
8. d3 Kh8 9. b4 Bb6 10. a3 a6 11. Re1 f6 12. Be3 Nce7 13. Nbd2 Nxe3 
14. fxe3 Nf5 15. Nf1 Nh6 16. d4 exd4 17. cxd4 Bf5 18. Bd3 Bxd3 19. Qxd3 Qd7 
20. Rad1 Rad8 21. e4 Rfe8 22. Kh1 c5 23. bxc5 Bxc5 24. h3 Qa4 25. Re3 Rxd4 
26. Nxd4 Rd8 27. Qb3 Rxd4 28. Qxa4 Rxa4 29. Rd8+ Ng8 30. Rc3 b6 31. Nd2 h6 
32. Rdd3 Ne7 33. Rc4 Rxa3 34. Rxa3 Bxa3 35. Ra4 Bc5 36. Rxa6 Kh7 37. Ra1 Nc8 
1/2-1/2